000 00724nam a2200217Ia 4500
001 14730
003 GE_BSU
008 181216s||||||||xx |||||||||||||| ||und||
040 _cGE_BSU
080 _aპერიოდიკა
245 _aТеоретическая и математическая физика (Том 181) №2 Ноябрь 2014
245 _cГл.ред.Славнов А.А.
260 _aМосква
260 _bНаука
260 _c2014
300 _a421-624стр.24см.
653 _aПериодика
653 _aТеоретическая и математическая физика. (Том 181) №2 Ноябрь 2014
653 _aპერიოდიკა
942 _cCR
999 _c47855
_d47855